000 00779nam a2200253Ia 4500
003 OSt
005 20221005111744.0
006 a|||||r|||| 00| 0
007 ta
008 221004b |||||||| |||| 00| 0 hin d
024 _a107415
037 _cTextual
040 _aCRL
_cCRL
_bhin
041 _2hin
_ahin
082 _aO113,3NOT,1, 155L3
100 _aकोसलो, अॅन्ड्रयू
245 0 _aसुजान
246 _aSujāna
260 _aमुंबई
_bआराध्ना प्रकाशन भारत
_c1973
300 _a163पृ0
_ccm.
650 _aजर्मन नाटक
942 _hO113,3NOT,1, 155L3
_cTEXL
_2cc
999 _c1022786
_d1022786